000 00341nam a22001577a 4500
003 SGT
020 _a978-81-317-0481-3
082 _a547
_bMOR
100 _aMORRISON, ROBERT T.
245 _aORGANIC CHEMISTRY
250 _a7TH
260 _aINDIA
_bPEARSON
_c2025
300 _a1472
650 _aORGANIC CHEMISTRY
942 _2ddc
_cBK
999 _c32880
_d32880